000 00567nam a2200229Ia 4500
003 OSt
005 20220918191050.0
006 a|||||r|||| 00| 0
007 ta
008 220917b |||||||| |||| 00| 0 eng d
024 _a61,245
037 _cTextual
040 _aARTS
_cARTS
_beng
041 _2eng
_aeng
082 _aQ6, F6
100 _aSundar Singh
_974781
245 0 _aMeditations on various aspects of the spiritual life
260 _c1926
650 _aRELIGION
942 _hQ6, F6
_cTEXL
_2CC
999 _c188107
_d188107